| 000 | 00557nam a22001817a 4500 | ||
|---|---|---|---|
| 999 |
_c188388 _d188388 |
||
| 005 | 20220520103753.0 | ||
| 010 | _aENG-132737 | ||
| 020 |
_a9788190164201 _c550.00 |
||
| 035 | _aEN-116269 | ||
| 037 | _bDBAD/PUB | ||
| 082 | _a338.954 | ||
| 100 | _aAgrawal, K.C. | ||
| 245 |
_aShaping India of our Dreams/ _cK.C. Agrawal |
||
| 260 |
_aUttar Pradesh _bKnowledge Books Inc _c2004 |
||
| 270 |
_aP.O. Box - 536, Sector-37, Post Office _bNoida _e201303 _minfo@crusadeindia.com |
||
| 300 |
_a402p. _c22cm(hbk) |
||
| 942 |
_2ddc _cEN _h338.954 _mAGR |
||